00861nam a2200217 i 4500001000700000003000900007005001700016008004100033040002000074100003200094245004300126250001400169260004400183300003400227490004900261594004400310830005700354852008700411999001900498952012600517161177ES-MaACL20230906212216.0050712s1871 gw |||| | eng d aCAM bspa cCAM0 aOuida (d1839-1908)913075010aStrathmore b: a romance / cby Ouida. aCopy. ed. aLeipzig : bBernhard Tauchnitz, c1871. a2 v. (344; 343 p.) ; c16 cm.1 aCollection of British Authors ; v1169; 1170 aOuida es seud. de Louise de La Ramée.0 aCollection of British Authors ; v1169; 11709180703 aES-MaACLjG-11812 z-- Enc. hol., falto de la cub. original z-- Enc. 2 t. en 1 v. c161177d161177 001040708LIBXIXaATENEOMbATENEOMcSPP3d2008-01-17eSSCl0oG-11812p1168816r2023-02-23 00:00:00w2023-02-23yMONANT